| 000 | 00367nam a22001217a 4500 | ||
|---|---|---|---|
| 008 | 160811b xxu||||| |||| 00| 0 eng d | ||
| 050 | _aPR9346.M112 | ||
| 245 |
_aSummons _c/co-ordinated by Richard S Mabala |
||
| 260 |
_aDar es Salaam _bTanzania Publishing House _c1980 |
||
| 300 |
_axiii, 150p.; _c21cm. |
||
| 650 |
_aTanzanian poetry _924848 |
||
| 942 |
_2lcc _cMONOGRAPH |
||
| 999 |
_c124930 _d124930 |
||